000 00450nam a22001811c 4500
001 a987657620
008 070706s2007 gw |||| 000u rus d
041 _arus
100 1 _aKireev, Nikolaj G.
245 0 0 _aIstorija Turcii XX vek
264 _aMoskva :
_bKraft+,
_c2007
300 _a606 S.
710 2 _aRAN / Institut vostokovedenija
942 _cMG
040 _cRU-10907106
003 RU-10907106
999 _c5800
_d5800
490 0 _aIstorija stran vostoka XX vek